| Record ID | marc_records_scriblio_net/part11.dat:164875558:705 |
| Source | Scriblio |
| Download Link | /show-records/marc_records_scriblio_net/part11.dat:164875558:705?format=raw |
LEADER: 00705nam 2200217 i 4500
001 79315317
003 DLC
005 19791018000000.0
008 791010s1978 at f 00110 eng
010 $a 79315317
015 $aAus
020 $a0725602279 :$c$12.50
043 $au-at-vi
050 0 $aHQ1822$b.N67
082 $a301.41/2/062945
100 10 $aNorris, Ada,$cDame,$d1901-
245 10 $aChampions of the impossible :$ba history of the National Council of Women of Victoria, 1902-1977 /$c[by] Ada Norris.
260 0 $aMelbourne :$bHawthorne Press,$c1978.
300 $a221 p., 8 p. of plates ;$c23 cm.
500 $aIncludes index.
651 0 $aNational Council of Women of Victoria, Australia$xHistory.